Сам (Запис номер 36409)
[ съкратено ]
| 000 -Лидер | |
|---|---|
| Контролно поле с фиксирана дължина | 01360nam a2200361 c 4500 |
| 003 - Код на организацията, давaща контролен номер | |
| Контролно поле | BLK |
| 005 - Дата и час на последна редакция | |
| Контролно поле | 20240206005322.0 |
| 008 - Елементи от данни с фиксирана дължина | |
| fixed length control field | 180408b bul|||||r ||||||| ||bul|| |
| 010 ## - Наследен системен номер | |
| LC control number | KNG00039334000 |
| 020 ## - Международен стандартен номер на книга ISBN | |
| Международен стандартен номер на книга ISBN | 978-619-161-037-2 |
| -- | издат.: Персей |
| 040 ## - Източник на каталожния запис | |
| Идентификатор на билиотеката - собственик на записа | BLK |
| 041 ## - Код за език | |
| Код за езика на текст/звукозапис или на отделно заглавие | Български |
| Код за езика КДБФ | Български |
| 072 #7 - Код за тематичната категория | |
| Код организация | bullib |
| Код за тематична категория | Н83 |
| Текст | Чужда художествена литература Н |
| 080 ## - УДК | |
| Текстов определител УДК | Финландска литература |
| УДК код - определител по УДК | 821.511.111 |
| УДК определител | -31 |
| УДК - код + определител | 821.511.111-31 |
| 100 1# - Редна дума - Автор | |
| Автор | Ахо, Юхани |
| Авторска отговорност | първи автор |
| R(LIN) | 34898 |
| 139 ## - Редно поле | |
| Редна дума | Ахо, Юхани |
| Авторски знак | Ах - А 95 |
| 245 10 - Сведения за заглавието | |
| Заглавие | Сам |
| Подзаглавни данни | Роман |
| Редно поле (дума) | Юхани Ахо; прев. от фин. Росица Георгиева Цветанова. |
| 257 ## - Страна на издаване | |
| Страна на създаване/издаване | Финландия |
| 260 ## - Област на издателските данни | |
| -- | София |
| Име на издателя, разпространителя и проч. | Персей |
| Година на издаване | 2014 |
| Печатница | София : Скала принт |
| 300 ## - Физическа характеристика | |
| Страници | 124 с. |
| Размери/Мащаб | 20 см |
| 380 ## - Жанр | |
| Жанр | Худож. лит. |
| 490 1# - СЕРИИ (Колекции) | |
| Име на серия | Световна класика |
| 500 ## - Общи забележки | |
| Забележка | Ориг. загл. Yksin / Juhani Aho. |
| 653 ## - Ключова дума – ненормативна | |
| Ключова дума | романи |
| 659 ## - Тематичен бюлетин | |
| Тематичен бюлетин | Н |
| 700 ## - Други автори (авторска отговорност) | |
| Лично име | Цветанова, Росица Георгиева |
| Дати, свързани с автора | 1985- |
| 9 (RLIN) | 367312 |
| 852 ## - Местоположение | |
| Форматна сигнатура | Цб 278844 |
| 856 4# - Електронен адрес и достъп | |
| Електронен формат | pdf - файл |
| Път до файла /url/ | |
| 856 4# - Електронен адрес и достъп | |
| Електронен формат | pdf - файл |
| Път до файла /url/ | |
| 942 ## - АРТИКУЛИ | |
| Вид на библиотечния материал | Книги |
| Скрит в OPAC | Не |
| Koha issues (borrowed), all copies | 6 |
| 944 ## - СЪЗДАВАНЕ И РЕДАКЦИЯ на ЗАПИСА | |
| Създаване/Редакция | Създаване |
| Дата на регистрацията/редакция | 07.01.2016 |
| Статус, дата на статуса | CRON CRON |
| Служител, извършил регистрацията/редакцията | |
| 944 ## - СЪЗДАВАНЕ И РЕДАКЦИЯ на ЗАПИСА | |
| Създаване/Редакция | Редакция |
| Дата на регистрацията/редакция | 09.06.2017 |
| Статус, дата на статуса | ф / |
| Служител, извършил регистрацията/редакцията | Людмила_Стоянова |
| 999 ## - СИСТЕМНИ КОНТРОЛНИ НОМЕРА | |
| Koha biblionumber | 36409 |
| Koha biblioitemnumber | 36409 |
| Код за отписване | Код за изгубен артикул | Код за повреда | Коз за рестрикции | Код за отдаване | Артикулен № | Име на библиотеката - собственик | Име на библиотеката, в която се намира в момента | Статус (Текущо местоположение) | Дата на вписване в системата | Местоположение - отдел | Цена в лева | Инвентарен номер | Систематично азбучна сигнатура | Баркод | Номер на екземпляра | Цена в евро | Служебна бележка | Служебен тип на артикула | Източник на класификационната схема |
|---|---|---|---|---|---|---|---|---|---|---|---|---|---|---|---|---|---|---|---|
| Не е изгубен | Не е повреден | без рестрикции | ползва се в читалня | 57364 | Регионална библиотека "Любен Каравелов" Русе | Регионална библиотека "Любен Каравелов" Русе | Хранилище | 2016-01-15 | Хранилище | 8.99 | 120000796748 | Цб 278844 | 120000796748 | 1 | 4.60 | Дост: Dp Вид: Д N: 49 Дата: 17.11.2015 | Книги | ||
| Не е изгубен | Не е повреден | без рестрикции | заемане за дома | 57365 | Регионална библиотека "Любен Каравелов" Русе | Регионална библиотека "Любен Каравелов" Русе | Заемна - подръчен фонд | 2017-05-26 | Заемна - подръчен фонд | 2.50 | 120000811488 | П 894-31/А 95 | 120000811488 | 2 | 1.28 | Дост: Pk Вид: Ф N: 490 Дата: 26.05.2017 Дата инв: 16.02.2018 Бележки инв: П2018 | Книги | Universal Decimal Classification |